=LDR 00000nam 2200000 4500 =001 INLIS000000000009715 =005 20130612101511 =008 ***********************************Ind** =035 ##$$0010-061300000009715 =041 ##$$a Ind =082 ##$$a 634.98 =090 ##$$a 634.98, Jen j =245 ##$$a Jenis - Jenis Kayu Indonesia =260 ##$$a 1980 $b Jakarta =300 ##$$a 117 hlm, ilus, 21 cm =650 ##$$a Kayu - Indonesia =700 ##$$a peroyek Sumberdaya Ekonomi - LIPI =850 ##$$a NBPNMAT